Państwa z największymi stratami w 2 Wojnie Światowej - Statystyki

Ogólne statystyki
  • Ten quiz został rozwiązany 727 razy
  • Średni wynik to 13 z 20
Statystyki odpowiedzi
Miejsce Liczba Państwo Kontynent % Poprawnych
3 7 400 000 Niemcy Europa
99%
4 6 000 000 Polska Europa
99%
6 3 100 000 Japonia Azja
96%
1 27 000 000 Związek Radziecki Azja / Europa
96%
2 20 000 000 Chiny Azja
95%
20 240 000 Francja Europa
94%
16 420 000 USA Ameryka Płn.
91%
17 400 000 Wielka Brytania Europa
89%
15 480 000 Włochy Europa
84%
7 2 200 000 Indie Brytyjskie Azja
68%
9 1 000 000 Jugosławia Europa
64%
14 500 000 Rumunia Europa
63%
10 800 000 Węgry Europa
62%
11 700 000 Grecja Europa
57%
18 350 000 Czechosłowacja Europa
43%
13 500 000 Korea Azja
40%
12 527 000 Filipiny Azja
30%
19 260 000 Birma Azja
12%
8 1 600 000 Francuskie Indochiny Azja
7%
5 3 500 000 Holenderskie Indie Wschodnie Azja
3%
Nie znaleziono quizów pasujących do podanych kryteriów
Rozkład punktacji
Procent ludzi z każdym wynikiem
Percentyl według liczby udzielonych odpowiedzi
Twoja historia wyników
Nie rozwiązałeś tego quizu